| 000 | 01240nam2a2200277 4500 | ||
|---|---|---|---|
| 001 | RU\NLR\BIBL_A\011163496 | ||
| 005 | 20250625212015.0 | ||
| 010 | _a978-5-9710-3099-7 | ||
| 021 |
_aRU _b2016-46404 _92985 |
||
| 035 | _a(NLR Aleph) 011163496 | ||
| 090 |
_a11729269 _c11729269 |
||
| 100 | _a20160621d2016 |||y0rusy50 ca | ||
| 101 | 0 |
_arus _deng _dger |
|
| 102 | _aRU | ||
| 105 | _ay|||z|||000yy | ||
| 200 | 1 | _aПовтор - Словотворчество | |
| 210 |
_d2016 _aБ. м. |
||
| 215 | _a210 с. | ||
| 300 | _aРез. на англ. и нем. яз. | ||
| 320 | _aБиблиогр.: с. 204-207 | ||
| 461 | 0 |
_1001RU\NLR\BIBL_A\011181397 _12001#$aАнтология разговорной речи$eнекоторые аспекты теории$eв 5 т.$fВ. К. Харченко$vТ. 3 _1700#1$aХарченко$bВ.К.$gВера Константиновна$f1949 -$3RU\NLR\AUTH\7714297 _911821598 _aХарченко, В.К. (1949 -) _cМосква _d2016 _fВ. К. Харченко _nURSS _oнекоторые аспекты теории : в 5 т. _tАнтология разговорной речи _vТ. 3 |
|
| 942 | _cBOOK | ||
| 980 | _aNBR | ||
| 980 | _aNB | ||